000 00705nam a2200205Ia 4500
003 OSt
005 20220107122700.0
008 130318s9999 xx 000 0 und d
020 _a9783642341342
040 _cIIITM-K
082 _a004.68 THA/R
245 _aRecent trends in computer networks and distributed system security: International conference, SNDS 2012, Trivandrum India OCT 2012 Proceedings
_cedited by Sabu M Thampi et.al
260 _bSpringer
_aU K
_c2012
300 _a508
440 _aCommunications in Computer and Information Science-335
_91186
650 _aINFORMATION SECURITY
_91187
650 _aSYSTEM NETWORKS
_91188
700 _aThampi, Sabu M et.al
_91189
942 _2ddc
_cBK
999 _c2528
_d2528